[Event "ODJM B 2017"]
[Site "Willingen GER"]
[Date "2017.06.06"]
[Round "4"]
[White "Reuter, Marek"]
[Black "Claussen, Carlos"]
[Result "1-0"]
[Termination "normal"]
[Board "41"]
[WhiteElo "1649"]
[BlackElo "864"]
[PlyCount "147"]
[WhiteFideId "16226712"]
[BlackFideId "16245288"]
[EventCountry "GER"]
[EventRounds "9"]
[EventType "swiss"]
[EventDate "2017.06.03"]

1. e4 e5 2. Bc4 Nf6 3. Nf3 Nc6 4. Ng5 d5 5. exd5 Na5 6. Bb5+ Bd7 7. Bxd7+ Qxd7
8. O-O O-O-O 9. d4 exd4 10. Qxd4 Qxd5 11. Qxd5 Rxd5 12. Nxf7 Rg8 13. Nc3 Rd7
14. Ne5 Re7 15. f4 Re6 16. Be3 Bd6 17. Rae1 Rge8 18. Bd2 Bc5+ 19. Kh1 Bd4 20.
Nf3 Ng4 21. Nxd4 R6e7 22. Nd5 Nf2+ 23. Kg1 Ne4 24. Nxe7+ Rxe7 25. Bxa5 Re8 26.
Nb5 b6 27. Bb4 c5 28. Bxc5 bxc5 29. Nxa7+ Kb7 30. Nb5 Kc6 31. Nc3 Nd6 32. Rxe8
Nxe8 33. Kf2 Nd6 34. Re1 Nc4 35. Re6+ Nd6 36. Rxd6+ Kxd6 37. a4 Kc6 38. Nb5 Kb6
39. g4 Ka5 40. b3 g6 41. c4 h6 42. h4 g5 43. f5 gxh4 44. f6 h3 45. f7 h2 46.
f8=Q h1=Q 47. Qd8+ Kb4 48. Qd2+ Kxb3 49. Qc3+ Ka2 50. Qd2+ Kb3 51. Qd3+ Ka2 52.
Nc3+ Ka1 53. Qb1+ Qxb1 54. Nxb1 Kxb1 55. a5 h5 56. a6 h4 57. a7 h3 58. a8=Q h2
59. Qh1+ Kb2 60. Ke3 Kb3 61. Qxh2 Kxc4 62. Qd2 Kb3 63. Qc1 c4 64. g5 c3 65. Kd3
c2 66. Qxc2+ Kb4 67. Qc3+ Kb5 68. Qc4+ Kb6 69. g6 Kb7 70. Qc5 Kb8 71. Kc4 Kb7
72. Kb5 Kb8 73. Kb6 Ka8 74. Qf8# 1-0

[Event "ODJM B 2017"]
[Site "Willingen GER"]
[Date "2017.06.06"]
[Round "4"]
[White "Schicks, Jonathan"]
[Black "Listing, Lara Marie"]
[Result "1-0"]
[Termination "normal"]
[Board "43"]
[WhiteElo "741"]
[BlackElo "724"]
[PlyCount "85"]
[WhiteFideId "16245296"]
[BlackFideId "16245300"]
[EventCountry "GER"]
[EventRounds "9"]
[EventType "swiss"]
[EventDate "2017.06.03"]

1. e4 e5 2. Nf3 Nc6 3. Bc4 Nf6 4. Ng5 d5 5. Nxf7 Kxf7 6. Bxd5+ Ke8 7. Nc3 Bg4
8. f3 Bh5 9. d3 Bb4 10. a3 Ba5 11. b4 Bb6 12. g4 Bf7 13. Bg5 h6 14. Bxf6 Qxf6
15. h4 Bxd5 16. Nxd5 Qd8 17. c4 Bd4 18. Rb1 a5 19. bxa5 Rxa5 20. Rxb7 Rxa3 21.
Nxc7+ Kd7 22. Nb5+ Kc8 23. Nxa3 Kxb7 24. Qb3+ Kc7 25. Nb5+ Kd7 26. Qa3 Ke8 27.
Nd6+ Ke7 28. Nb7+ Kd7 29. Nxd8 Kxd8 30. Qd6+ Kc8 31. Qxc6+ Kd8 32. Qa8+ Ke7 33.
Qxh8 Kf7 34. g5 h5 35. Qxh5+ Kg8 36. g6 Bc3+ 37. Ke2 Bd4 38. Rb1 Kf8 39. Qh8+
Ke7 40. Qxg7+ Ke6 41. Qf7+ Kd6 42. g7 Kc5 43. Qd5# 1-0

[Event "ODJM B 2017"]
[Site "Willingen GER"]
[Date "2017.06.06"]
[Round "5"]
[White "Leßmann, Sönke"]
[Black "Reyher, Susan"]
[Result "1-0"]
[Termination "normal"]
[Board "1"]
[WhiteElo "1557"]
[BlackElo "1715"]
[WhiteClock "00:26:28"]
[BlackClock "00:42:41"]
[PlyCount "88"]
[WhiteFideId "16222520"]
[BlackFideId "24686107"]
[EventCountry "GER"]
[EventRounds "9"]
[EventType "swiss"]
[EventDate "2017.06.03"]

1. e4 {[%clk 1:30:57]} 1... e5 {[%clk 1:30:47]} 2. Nf3 {[%clk 1:31:22]} 2...
Nf6 {[%clk 1:31:00]} 3. Nxe5 {[%clk 1:30:29]} 3... d6 {[%clk 1:31:20]} 4. Nf3 {
[%clk 1:30:46]} 4... Nxe4 {[%clk 1:31:44]} 5. Nc3 {[%clk 1:30:50]} 5... Nf6 {
[%clk 1:29:00]} 6. d4 {[%clk 1:29:07]} 6... d5 {[%clk 1:29:14]} 7. Bg5 { [%clk
1:29:03]} 7... Bg4 {[%clk 1:28:58]} 8. h3 {[%clk 1:28:46]} 8... Bh5 { [%clk
1:29:11]} 9. Bxf6 {[%clk 1:25:59]} 9... gxf6 {[%clk 1:27:00]} 10. g4 { [%clk
1:25:16]} 10... Bg6 {[%clk 1:27:18]} 11. Bg2 {[%clk 1:25:15]} 11... c6 { [%clk
1:26:14]} 12. Qd2 {[%clk 1:24:06]} 12... h5 {[%clk 1:23:57]} 13. Nh4 { [%clk
1:19:58]} 13... Bh6 {[%clk 1:19:33]} 14. Qe2+ {[%clk 1:19:50]} 14... Kd7 {[%clk
1:17:18]} 15. Nxg6 {[%clk 1:16:00]} 15... fxg6 {[%clk 1:14:26]} 16. Qd3 {[%clk
1:15:47]} 16... Qe7+ {[%clk 1:13:11]} 17. Kf1 {[%clk 1:11:57]} 17... Qf7 {[%clk
1:12:27]} 18. gxh5 {[%clk 0:59:06]} 18... gxh5 {[%clk 1:12:39]} 19. Bf3 {[%clk
0:59:01]} 19... f5 {[%clk 1:06:41]} 20. Re1 {[%clk 0:53:12]} 20... Na6 { [%clk
1:05:57]} 21. a3 {[%clk 0:48:45]} 21... Bg7 {[%clk 0:59:18]} 22. Rg1 { [%clk
0:48:45]} 22... Nc7 {[%clk 0:57:25]} 23. Ne2 {[%clk 0:42:40]} 23... Ne6 { [%clk
0:55:55]} 24. c3 {[%clk 0:42:42]} 24... Rag8 {[%clk 0:55:53]} 25. Ng3 { [%clk
0:40:31]} 25... f4 {[%clk 0:54:30]} 26. Nf5 {[%clk 0:39:02]} 26... Bf8 { [%clk
0:50:40]} 27. Ke2 {[%clk 0:20:48]} 27... Ng5 {[%clk 0:49:20]} 28. Bg2 { [%clk
0:20:50]} 28... h4 {[%clk 0:44:07]} 29. Kd1 {[%clk 0:17:58]} 29... Qh5+ { [%clk
0:40:43]} 30. Kc2 {[%clk 0:15:21]} 30... f3 {[%clk 0:37:06]} 31. Bh1 { [%clk
0:12:25]} 31... Bd6 32. Nxd6 {[%clk 0:10:45]} 32... Kxd6 {[%clk 0:25:52]} 33.
Re5 {[%clk 0:10:48]} 33... Qh6 34. Qe3 {[%clk 0:09:12]} 34... Qh7+ { [%clk
0:23:03]} 35. Kc1 {[%clk 0:08:11]} 35... Ne4 36. Re1 {[%clk 0:02:52]} 36... Qd7
{[%clk 0:18:21]} 37. Qf4 {[%clk 0:01:24]} 37... Rf8 {[%clk 0:16:14]} 38. Rf5+
{[%clk 0:01:17]} 38... Ke7 {[%clk 0:16:33]} 39. Rxf8 {[%clk 0:00:59]} 39...
Rxf8 {[%clk 0:16:31]} 40. Qxh4+ {[%clk 0:01:11]} 40... Kd6 { [%clk 0:16:07]}
41. Re3 {[%clk 0:28:48]} 41... Qg7 {[%clk 0:44:52]} 42. Bxf3 { [%clk 0:25:54]}
42... Qg1+ {[%clk 0:43:41]} 43. Kc2 {[%clk 0:26:15]} 43... Qxf2+ {[%clk
0:42:17]} 44. Qxf2 {[%clk 0:26:28]} 44... Nxf2 {[%clk 0:42:41]} 1-0

[Event "ODJM B 2017"]
[Site "Willingen GER"]
[Date "2017.06.06"]
[Round "5"]
[White "Thorz, Maximilian"]
[Black "Strohschneider, Leon"]
[Result "0-1"]
[Termination "normal"]
[Board "2"]
[WhiteElo "1596"]
[BlackElo "1302"]
[WhiteClock "01:33:44"]
[BlackClock "00:19:22"]
[PlyCount "92"]
[WhiteFideId "16220668"]
[BlackFideId "16211634"]
[EventCountry "GER"]
[EventRounds "9"]
[EventType "swiss"]
[EventDate "2017.06.03"]

1. d4 {[%clk 1:30:30]} 1... Nf6 {[%clk 1:30:51]} 2. c4 {[%clk 1:30:55]} 2... g6
{[%clk 1:31:12]} 3. Nc3 {[%clk 1:31:14]} 3... Bg7 {[%clk 1:31:30]} 4. e4 {
[%clk 1:31:33]} 4... d6 {[%clk 1:31:50]} 5. Nf3 {[%clk 1:31:46]} 5... O-O {
[%clk 1:32:01]} 6. Be2 {[%clk 1:32:10]} 6... e5 {[%clk 1:32:18]} 7. d5 { [%clk
1:32:31]} 7... Bg4 {[%clk 1:31:46]} 8. Qb3 {[%clk 1:32:38]} 8... Qc8 { [%clk
1:30:56]} 9. h3 {[%clk 1:32:39]} 9... Bxf3 {[%clk 1:30:18]} 10. Bxf3 { [%clk
1:33:05]} 10... Nbd7 {[%clk 1:29:44]} 11. Be3 {[%clk 1:33:24]} 11... a6 { [%clk
1:22:16]} 12. g4 {[%clk 1:32:04]} 12... Nc5 {[%clk 1:20:22]} 13. Bxc5 { [%clk
1:32:16]} 13... dxc5 {[%clk 1:20:41]} 14. g5 {[%clk 1:28:50]} 14... Nd7 { [%clk
1:19:11]} 15. Bg4 {[%clk 1:28:44]} 15... Rb8 {[%clk 1:17:58]} 16. a4 { [%clk
1:28:50]} 16... Qd8 {[%clk 1:17:47]} 17. h4 {[%clk 1:28:34]} 17... h5 { [%clk
1:13:23]} 18. Bxh5 {[%clk 1:25:26]} 18... gxh5 {[%clk 1:13:33]} 19. Qd1 { [%clk
1:25:56]} 19... Qe7 {[%clk 1:09:49]} 20. Qxh5 {[%clk 1:26:02]} 20... Qd6 {[%clk
1:09:11]} 21. Qg4 {[%clk 1:25:04]} 21... c6 {[%clk 1:03:23]} 22. h5 { [%clk
1:25:14]} 22... Rfe8 {[%clk 0:49:12]} 23. O-O-O {[%clk 1:23:49]} 23... Rbd8
{[%clk 0:45:13]} 24. Rdf1 {[%clk 1:15:05]} 24... Re7 {[%clk 0:35:56]} 25. f4
{[%clk 1:14:39]} 25... exf4 {[%clk 0:31:33]} 26. Rxf4 {[%clk 1:14:52]} 26...
Bxc3 {[%clk 0:25:50]} 27. Rf6 {[%clk 1:09:47]} 27... Bxf6 {[%clk 0:23:00]} 28.
gxf6+ {[%clk 1:10:09]} 28... Kf8 {[%clk 0:23:16]} 29. fxe7+ {[%clk 1:08:33]}
29... Kxe7 {[%clk 0:22:30]} 30. h6 {[%clk 1:08:47]} 30... Ne5 {[%clk 0:20:04]}
31. Qe2 {[%clk 1:07:33]} 31... Ng6 {[%clk 0:17:27]} 32. Rf1 {[%clk 1:07:01]}
32... Rh8 {[%clk 0:15:02]} 33. Qf3 {[%clk 1:06:33]} 33... Ne5 {[%clk 0:14:56]}
34. Qe2 34... Qxh6+ {[%clk 0:15:01]} 35. Kb1 {[%clk 1:06:32]} 35... Qg6 { [%clk
0:13:16]} 36. Rf5 {[%clk 1:06:24]} 36... Nd7 {[%clk 0:12:06]} 37. Ka2 { [%clk
1:05:00]} 37... Rg8 {[%clk 0:10:59]} 38. Qh2 {[%clk 1:05:08]} 38... Qg3 { [%clk
0:05:57]} 39. Qh7 {[%clk 1:05:24]} 39... Qg7 {[%clk 0:05:11]} 40. Qh2 { [%clk
1:05:45]} 40... cxd5 {[%clk 0:03:07]} 41. cxd5 {[%clk 1:06:03]} 41... Rc8
{[%clk 0:02:41]} 42. d6+ {[%clk 1:06:01]} 42... Ke6 {[%clk 0:02:42]} 43. Qh3 {
[%clk 1:06:03]} 43... Rh8 {[%clk 0:20:40]} 44. Qb3+ {[%clk 1:36:07]} 44... Kxd6
{[%clk 0:20:09]} 45. Rxf7 {[%clk 1:35:53]} 45... Qd4 {[%clk 0:19:10]} 46. Qxb7
{[%clk 1:33:44]} 46... Qxa4+ {[%clk 0:19:22]} 0-1

[Event "ODJM B 2017"]
[Site "Willingen GER"]
[Date "2017.06.06"]
[Round "5"]
[White "Roth, Ludwig"]
[Black "Ding, Zheheng"]
[Result "0-1"]
[Termination "normal"]
[Board "3"]
[WhiteElo "1425"]
[BlackElo "1800"]
[WhiteClock "00:28:21"]
[BlackClock "00:15:51"]
[PlyCount "54"]
[WhiteFideId "12952621"]
[BlackFideId "16240413"]
[EventCountry "GER"]
[EventRounds "9"]
[EventType "swiss"]
[EventDate "2017.06.03"]

1. e4 {[%clk 1:30:56]} 1... c5 {[%clk 1:30:57]} 2. Nf3 {[%clk 1:31:21]} 2... d6
{[%clk 1:31:26]} 3. d4 {[%clk 1:31:23]} 3... cxd4 {[%clk 1:31:55]} 4. Nxd4 {
[%clk 1:31:47]} 4... Nf6 {[%clk 1:32:22]} 5. Nc3 {[%clk 1:32:10]} 5... a6 {
[%clk 1:32:44]} 6. f3 {[%clk 1:32:15]} 6... e6 {[%clk 1:33:13]} 7. Be3 { [%clk
1:32:00]} 7... b5 {[%clk 1:33:39]} 8. a3 {[%clk 1:32:03]} 8... Bb7 { [%clk
1:33:52]} 9. Qd2 {[%clk 1:32:05]} 9... Qc7 {[%clk 1:33:54]} 10. O-O-O { [%clk
1:31:07]} 10... Nbd7 {[%clk 1:33:22]} 11. g4 {[%clk 1:30:54]} 11... Nb6 { [%clk
1:29:51]} 12. h4 {[%clk 1:28:15]} 12... Rc8 {[%clk 1:20:10]} 13. h5 { [%clk
1:24:45]} 13... h6 {[%clk 1:13:19]} 14. Rh2 {[%clk 1:06:27]} 14... b4 { [%clk
0:56:20]} 15. axb4 {[%clk 1:04:28]} 15... d5 {[%clk 0:54:22]} 16. Qf2 { [%clk
1:02:18]} 16... Nc4 {[%clk 0:46:54]} 17. Bxc4 {[%clk 1:00:53]} 17... Qxc4
{[%clk 0:46:58]} 18. g5 {[%clk 0:49:59]} 18... hxg5 {[%clk 0:43:39]} 19. Bxg5 {
[%clk 0:50:21]} 19... Bxb4 {[%clk 0:43:20]} 20. Bxf6 {[%clk 0:49:33]} 20...
gxf6 {[%clk 0:42:14]} 21. Qh4 {[%clk 0:48:57]} 21... Bxc3 {[%clk 0:23:21]} 22.
Qxf6 {[%clk 0:44:08]} 22... Rh6 {[%clk 0:23:29]} 23. Qxh6 {[%clk 0:42:28]}
23... Bxd4 {[%clk 0:23:41]} 24. Qd2 {[%clk 0:36:12]} 24... Bf6 {[%clk 0:17:30]}
25. h6 {[%clk 0:31:17]} 25... Qa2 {[%clk 0:16:06]} 26. Qb4 {[%clk 0:28:24]}
26... Bg5+ {[%clk 0:15:51]} 27. Rdd2 {[%clk 0:28:21]} 27... Qa1# 0-1

[Event "ODJM B 2017"]
[Site "Willingen GER"]
[Date "2017.06.06"]
[Round "5"]
[White "Cheredzhiyska, Iva"]
[Black "Rautenberg, Jakob"]
[Result "1/2-1/2"]
[Termination "normal"]
[Board "4"]
[WhiteElo "1091"]
[BlackElo "1695"]
[WhiteClock "00:59:42"]
[BlackClock "00:27:18"]
[PlyCount "70"]
[WhiteFideId "16241622"]
[BlackFideId "16214749"]
[EventCountry "GER"]
[EventRounds "9"]
[EventType "swiss"]
[EventDate "2017.06.03"]

1. e4 {[%clk 1:30:30]} 1... e5 {[%clk 1:30:50]} 2. Nf3 {[%clk 1:31:24]} 2...
Nc6 {[%clk 1:31:17]} 3. d4 {[%clk 1:31:44]} 3... exd4 {[%clk 1:31:40]} 4. Nxd4
{[%clk 1:32:10]} 4... Nf6 {[%clk 1:32:00]} 5. Nc3 {[%clk 1:32:30]} 5... Bb4 {
[%clk 1:32:02]} 6. Nxc6 {[%clk 1:32:46]} 6... bxc6 {[%clk 1:32:24]} 7. Bd3 {
[%clk 1:33:06]} 7... O-O {[%clk 1:31:54]} 8. O-O {[%clk 1:33:16]} 8... d5 {
[%clk 1:30:14]} 9. exd5 {[%clk 1:33:05]} 9... cxd5 {[%clk 1:30:10]} 10. a3 {
[%clk 1:33:09]} 10... Ba5 {[%clk 1:29:56]} 11. Bg5 {[%clk 1:32:44]} 11... c6 {
[%clk 1:29:02]} 12. h3 {[%clk 1:32:37]} 12... Qd6 {[%clk 1:28:29]} 13. Qf3 {
[%clk 1:30:18]} 13... Bc7 {[%clk 1:25:05]} 14. Qg3 {[%clk 1:28:26]} 14... Qxg3
{[%clk 1:23:26]} 15. fxg3 {[%clk 1:28:49]} 15... Nh5 {[%clk 1:22:55]} 16. g4 {
[%clk 1:28:26]} 16... Ng3 {[%clk 1:21:37]} 17. Rf2 {[%clk 1:28:43]} 17... Bb6 {
[%clk 1:21:26]} 18. Re1 {[%clk 1:27:51]} 18... Nh1 {[%clk 1:20:21]} 19. Kxh1 {
[%clk 1:27:08]} 19... Bxf2 {[%clk 1:20:35]} 20. Re2 {[%clk 1:26:49]} 20... Bd4
{[%clk 1:20:36]} 21. Bd2 {[%clk 1:25:49]} 21... Be6 {[%clk 1:17:30]} 22. Nd1 {
[%clk 1:23:22]} 22... Rab8 {[%clk 1:15:12]} 23. c3 {[%clk 1:23:07]} 23... Bb6 {
[%clk 1:13:27]} 24. Bf4 {[%clk 1:21:49]} 24... Rbe8 {[%clk 1:11:54]} 25. Bd6 {
[%clk 1:20:59]} 25... Bd7 {[%clk 1:11:44]} 26. Bxf8 {[%clk 1:20:54]} 26... Rxe2
{[%clk 1:11:50]} 27. Bxe2 {[%clk 1:21:08]} 27... Kxf8 {[%clk 1:12:17]} 28. g3 {
[%clk 1:20:33]} 28... Ke7 {[%clk 1:11:40]} 29. Kg2 {[%clk 1:20:32]} 29... Bc8 {
[%clk 1:04:38]} 30. Kf3 {[%clk 1:20:00]} 30... Kf6 {[%clk 0:57:32]} 31. Ne3 {
[%clk 1:12:24]} 31... g6 {[%clk 0:55:24]} 32. Bd3 {[%clk 1:05:20]} 32... Bb7 {
[%clk 0:53:08]} 33. Ke2 {[%clk 1:04:33]} 33... Ke5 {[%clk 0:46:35]} 34. Nd1 {
[%clk 1:01:35]} 34... Bc8 {[%clk 0:36:39]} 35. Nf2 {[%clk 0:59:42]} 35... Be6 {
[%clk 0:27:18]} 1/2-1/2

[Event "ODJM B 2017"]
[Site "Willingen GER"]
[Date "2017.06.06"]
[Round "5"]
[White "Schilay, Maria"]
[Black "Frank, Carolin"]
[Result "0-1"]
[Termination "normal"]
[Board "5"]
[WhiteElo "1322"]
[BlackElo "1487"]
[WhiteClock "00:04:46"]
[BlackClock "00:30:07"]
[PlyCount "86"]
[WhiteFideId "12942979"]
[BlackFideId "16207190"]
[EventCountry "GER"]
[EventRounds "9"]
[EventType "swiss"]
[EventDate "2017.06.03"]

1. e4 {[%clk 1:30:56]} 1... d5 {[%clk 1:30:54]} 2. exd5 {[%clk 1:31:19]} 2...
Qxd5 {[%clk 1:31:20]} 3. Nc3 {[%clk 1:31:32]} 3... Qa5 {[%clk 1:31:47]} 4. d4 {
[%clk 1:31:43]} 4... c6 {[%clk 1:32:12]} 5. Bc4 {[%clk 1:31:54]} 5... Nf6 {
[%clk 1:32:36]} 6. Nf3 {[%clk 1:32:03]} 6... Bf5 {[%clk 1:32:52]} 7. O-O {
[%clk 1:31:52]} 7... e6 {[%clk 1:33:19]} 8. Nh4 {[%clk 1:31:31]} 8... Bg4 {
[%clk 1:30:53]} 9. Qd3 {[%clk 1:26:36]} 9... Nbd7 {[%clk 1:28:36]} 10. Bd2 {
[%clk 1:24:33]} 10... Qc7 {[%clk 1:16:31]} 11. Rfe1 {[%clk 1:18:00]} 11... Be7
{[%clk 1:12:39]} 12. h3 {[%clk 1:08:28]} 12... Bh5 {[%clk 1:06:52]} 13. Re3 {
[%clk 1:03:38]} 13... Nd5 {[%clk 1:02:40]} 14. Nxd5 {[%clk 1:02:44]} 14... cxd5
{[%clk 1:02:58]} 15. Bxd5 {[%clk 0:44:21]} 15... Bxh4 {[%clk 1:00:27]} 16. Qe4
{[%clk 0:43:05]} 16... Be7 {[%clk 0:56:40]} 17. Bb3 {[%clk 0:32:21]} 17... Nf6
{[%clk 0:52:20]} 18. Qd3 {[%clk 0:31:25]} 18... Bg6 {[%clk 0:51:25]} 19. Qc3 {
[%clk 0:27:54]} 19... Qxc3 {[%clk 0:51:28]} 20. Bxc3 {[%clk 0:28:09]} 20... O-O
{[%clk 0:51:04]} 21. d5 {[%clk 0:25:08]} 21... Bc5 {[%clk 0:50:29]} 22. Re5 {
[%clk 0:24:20]} 22... Bd6 {[%clk 0:48:11]} 23. Re2 {[%clk 0:23:00]} 23... Nxd5
{[%clk 0:45:06]} 24. Rd2 {[%clk 0:19:34]} 24... Nxc3 {[%clk 0:42:39]} 25. Rxd6
{[%clk 0:19:27]} 25... Ne4 {[%clk 0:41:14]} 26. Rd4 {[%clk 0:18:43]} 26... Rfd8
{[%clk 0:40:36]} 27. Rad1 {[%clk 0:18:28]} 27... Rxd4 {[%clk 0:40:44]} 28. Rxd4
{[%clk 0:18:52]} 28... Nc5 {[%clk 0:40:59]} 29. Rc4 {[%clk 0:17:41]} 29... b6 {
[%clk 0:40:28]} 30. Rc3 {[%clk 0:16:52]} 30... Rd8 {[%clk 0:40:13]} 31. Kf1 {
[%clk 0:14:54]} 31... h6 {[%clk 0:36:09]} 32. Ke1 {[%clk 0:14:23]} 32... e5 {
[%clk 0:35:46]} 33. Rg3 {[%clk 0:13:34]} 33... Be4 {[%clk 0:35:09]} 34. f3 {
[%clk 0:12:32]} 34... Bd5 {[%clk 0:34:29]} 35. Rg4 {[%clk 0:11:51]} 35... Bxb3
{[%clk 0:34:21]} 36. axb3 {[%clk 0:11:58]} 36... f5 {[%clk 0:32:50]} 37. Rc4 {
[%clk 0:12:13]} 37... Kf7 {[%clk 0:32:56]} 38. b4 {[%clk 0:11:29]} 38... Ne6 {
[%clk 0:32:52]} 39. c3 {[%clk 0:08:09]} 39... g5 {[%clk 0:32:05]} 40. g3 {
[%clk 0:04:43]} 40... Rd3 {[%clk 0:30:48]} 41. Ke2 {[%clk 0:04:38]} 41... e4 {
[%clk 0:29:36]} 42. fxe4 {[%clk 0:04:25]} 42... fxe4 {[%clk 0:29:46]} 43. Rxe4
{[%clk 0:04:46]} 43... Rxg3 {[%clk 0:30:07]} 0-1

[Event "ODJM B 2017"]
[Site "Willingen GER"]
[Date "2017.06.06"]
[Round "5"]
[White "Jung, Melanie"]
[Black "Ebeling, Gereon"]
[Result "0-1"]
[Termination "normal"]
[Board "6"]
[WhiteElo "1359"]
[BlackElo "1358"]
[WhiteClock "00:25:58"]
[BlackClock "00:01:31"]
[PlyCount "122"]
[WhiteFideId "16222911"]
[BlackFideId "16223160"]
[EventCountry "GER"]
[EventRounds "9"]
[EventType "swiss"]
[EventDate "2017.06.03"]

1. e4 {[%clk 1:30:30]} 1... e5 {[%clk 1:30:41]} 2. Nf3 {[%clk 1:30:58]} 2...
Nc6 {[%clk 1:30:49]} 3. Bc4 {[%clk 1:31:23]} 3... Bc5 {[%clk 1:31:02]} 4. c3 {
[%clk 1:31:50]} 4... Nf6 {[%clk 1:29:13]} 5. d4 {[%clk 1:32:14]} 5... exd4 {
[%clk 1:28:57]} 6. cxd4 {[%clk 1:32:38]} 6... Bb4+ {[%clk 1:28:00]} 7. Bd2 {
[%clk 1:32:57]} 7... Bxd2+ {[%clk 1:27:54]} 8. Nbxd2 {[%clk 1:33:18]} 8... d6 {
[%clk 1:27:14]} 9. d5 {[%clk 1:33:39]} 9... Ne5 {[%clk 1:24:45]} 10. Bb3 {
[%clk 1:20:37]} 10... Nd3+ {[%clk 1:18:33]} 11. Kf1 {[%clk 1:13:06]} 11... Ng4
{[%clk 1:12:18]} 12. Rg1 {[%clk 0:51:00]} 12... Qf6 {[%clk 1:03:04]} 13. Qc2 {
[%clk 0:47:50]} 13... Nxh2+ {[%clk 0:56:06]} 14. Ke2 {[%clk 0:47:38]} 14...
Nxf3 {[%clk 0:55:21]} 15. Nxf3 {[%clk 0:47:22]} 15... Nc5 {[%clk 0:51:39]} 16.
Rac1 16... Bd7 {[%clk 0:48:34]} 17. Nd2 {[%clk 0:36:57]} 17... O-O { [%clk
0:44:51]} 18. Qc3 {[%clk 0:28:35]} 18... Qxc3 {[%clk 0:41:10]} 19. Rxc3 { [%clk
0:28:33]} 19... Rfe8 {[%clk 0:40:25]} 20. Bc2 {[%clk 0:21:48]} 20... f5 { [%clk
0:36:31]} 21. f3 {[%clk 0:19:10]} 21... fxe4 {[%clk 0:36:24]} 22. fxe4 { [%clk
0:19:07]} 22... Bf5 {[%clk 0:34:34]} 23. Re3 {[%clk 0:17:46]} 23... Bg4+ {[%clk
0:33:15]} 24. Nf3 {[%clk 0:16:13]} 24... Re7 {[%clk 0:30:51]} 25. Re1 { [%clk
0:15:05]} 25... Rae8 {[%clk 0:30:49]} 26. Kd2 {[%clk 0:14:00]} 26... Bh5 {[%clk
0:29:06]} 27. Nh4 {[%clk 0:11:10]} 27... Bg4 {[%clk 0:27:33]} 28. b4 { [%clk
0:07:47]} 28... Na6 {[%clk 0:26:45]} 29. Ba4 {[%clk 0:07:32]} 29... Rf8 { [%clk
0:25:00]} 30. Rg3 {[%clk 0:06:27]} 30... Rf4 {[%clk 0:20:26]} 31. b5 31... Nc5
{[%clk 0:20:29]} 32. Bc2 {[%clk 0:01:01]} 32... Nxe4+ {[%clk 0:17:55] } 33.
Bxe4 {[%clk 0:01:30]} 33... Rfxe4 {[%clk 0:17:48]} 34. Rxe4 { [%clk 0:00:37]}
34... Rxe4 {[%clk 0:18:17]} 35. Re3 {[%clk 0:00:42]} 35... Rxe3 {[%clk
0:16:11]} 36. Kxe3 {[%clk 0:01:11]} 36... g5 {[%clk 0:16:24]} 37. Nf3 { [%clk
0:01:05]} 37... Bxf3 {[%clk 0:16:39]} 38. Kxf3 {[%clk 0:01:34]} 38... h5 {[%clk
0:16:55]} 39. Ke4 {[%clk 0:01:28]} 39... Kg7 {[%clk 0:16:35]} 40. Kf5 { [%clk
0:01:57]} 40... Kh6 {[%clk 0:16:38]} 41. a4 {[%clk 0:30:09]} 41... a6 { [%clk
0:45:32]} 42. b6 {[%clk 0:29:25]} 42... cxb6 {[%clk 0:44:06]} 43. Ke6 { [%clk
0:29:51]} 43... b5 {[%clk 0:37:12]} 44. Kxd6 {[%clk 0:28:50]} 44... bxa4 {[%clk
0:35:56]} 45. Ke6 {[%clk 0:29:02]} 45... a3 {[%clk 0:35:59]} 46. d6 { [%clk
0:29:32]} 46... a2 {[%clk 0:36:17]} 47. d7 {[%clk 0:30:01]} 47... a1=Q { [%clk
0:36:32]} 48. d8=Q {[%clk 0:30:29]} 48... Qe1+ {[%clk 0:24:47]} 49. Kf7 { [%clk
0:30:22]} 49... Qf1+ {[%clk 0:20:01]} 50. Kg8 {[%clk 0:29:49]} 50... Qf5 {[%clk
0:15:06]} 51. Qe7 {[%clk 0:27:43]} 51... Qc8+ {[%clk 0:10:09]} 52. Kf7 { [%clk
0:27:47]} 52... Qf5+ {[%clk 0:08:53]} 53. Kg8 {[%clk 0:27:21]} 53... Qc8+
{[%clk 0:01:42]} 54. Kf7 {[%clk 0:27:38]} 54... Qf5+ {[%clk 0:01:54]} 55. Kg8 {
[%clk 0:28:01]} 55... h4 {[%clk 0:01:27]} 56. Qxb7 {[%clk 0:27:03]} 56... Qg6+
{[%clk 0:01:06]} 57. Kf8 {[%clk 0:25:31]} 57... Qf6+ {[%clk 0:01:14]} 58. Kg8 {
[%clk 0:25:30]} 58... Qg6+ {[%clk 0:01:04]} 59. Kf8 {[%clk 0:25:53]} 59... Qf6+
{[%clk 0:01:18]} 60. Kg8 {[%clk 0:26:21]} 60... Qe6+ {[%clk 0:01:31]} 61. Kh8 {
[%clk 0:25:58]} 61... Qe8# 0-1

[Event "ODJM B 2017"]
[Site "Willingen GER"]
[Date "2017.06.06"]
[Round "5"]
[White "Grone, Lion"]
[Black "Hierl, Johannes"]
[Result "1-0"]
[Termination "normal"]
[Board "7"]
[WhiteElo "1545"]
[BlackElo "1275"]
[PlyCount "77"]
[WhiteFideId "16245032"]
[BlackFideId "16235096"]
[EventCountry "GER"]
[EventRounds "9"]
[EventType "swiss"]
[EventDate "2017.06.03"]

1. e4 e5 2. Nf3 Nc6 3. Bc4 Bc5 4. d3 h6 5. Be3 Bb6 6. Nc3 d6 7. h3 Nf6 8. O-O
O-O 9. Qd2 Bxe3 10. fxe3 Be6 11. Nd5 Bxd5 12. exd5 Ne7 13. e4 Ng6 14. g3 Qd7
15. Kh2 Nh7 16. Rf2 a6 17. Rg1 f5 18. Rgf1 f4 19. g4 Qe7 20. d4 Kh8 21. dxe5
dxe5 22. Qc3 Nf6 23. Re1 Qc5 24. Kg2 b5 25. Bb3 Qxc3 26. bxc3 Rab8 27. c4 Nd7
28. cxb5 axb5 29. h4 Rfe8 30. Rd2 Nc5 31. h5 Nf8 32. Nh4 Nfd7 33. Nf5 Nf6 34.
Kf3 Red8 35. Ne7 Rb6 36. Ng6+ Kh7 37. Nxe5 c6 38. Nxc6 Rxc6 39. dxc6 1-0

[Event "ODJM B 2017"]
[Site "Willingen GER"]
[Date "2017.06.06"]
[Round "5"]
[White "Neppert, Paul"]
[Black "Wagner, Margarethe"]
[Result "1-0"]
[Termination "normal"]
[Board "8"]
[WhiteElo "1598"]
[BlackElo "1293"]
[PlyCount "75"]
[WhiteFideId "16219414"]
[BlackFideId "16236947"]
[EventCountry "GER"]
[EventRounds "9"]
[EventType "swiss"]
[EventDate "2017.06.03"]

1. e4 c5 2. Nc3 a6 3. g3 b5 4. Bg2 Bb7 5. Nge2 Nf6 6. d3 e6 7. O-O d6 8. h3 Be7
9. Be3 O-O 10. f4 e5 11. f5 Nc6 12. g4 Nd7 13. Qc1 Nd4 14. Qd2 b4 15. Nd1 Nxe2+
16. Qxe2 Bg5 17. Nf2 Bxe3 18. Qxe3 h6 19. Qg3 g5 20. Nd1 f6 21. Ne3 Nb6 22. Bf3
Kf7 23. Rfb1 a5 24. c3 Rc8 25. cxb4 cxb4 26. Bd1 Ba6 27. Bb3+ Kg7 28. Be6 Rc7
29. Rd1 Qe7 30. a3 Bc8 31. Bxc8 Rfxc8 32. axb4 axb4 33. Qe1 Rb7 34. Qxb4 Nc4
35. Qc3 Nxe3 36. Qxc8 Nxd1 37. Ra8 Rb8 38. Qxb8 1-0